Friedrich Froebel

Bibliographic Details
Main Author: Zaen Kasturi
Format: Book
Published: Selangor : Penerbit Prisma , 1993
Series:Siri perintis zaman
Subjects:

MARC

LEADER 00000cam a2200000 7i4500
001 0000056010
005 20151222.0
008 151202
020 |a 9838230782 (siri) 
020 |a 9838230804 
090 0 0 |a BIO   |b MAL 
100 1 |a Zaen Kasturi 
245 1 0 |a Friedrich Froebel   |c Zaen Kasturi 
260 |a Selangor :   |b Penerbit Prisma ,   |c 1993 
490 1 |a Siri perintis zaman 
500 |a Children ages 7-9 years old (orange) 
650 0 |a Biography   |x Fiction 
999 |a 0000514154   |b Book   |c Children Collection   |e Cawangan Pontian 
999 |a 0000797855   |b Book   |c Children Collection   |e Cawangan Segamat 
999 |a 0000799846   |b Book   |c Children Collection   |e Cawangan Pontian